000 00971nas a2200277 4500
001 BR2020000795
003 BR-BrBNA
005 20231205132109.0
007 ta
008 230509b bl.|||p| |||| 00| 00por d
040 _aBR-BrBNA
_bpor
_cBiblioteca Nacional de Agricultura
041 _a(Pt)
072 _aH20
100 1 _aCosta, A.F. da
100 1 _aSilva, A.C. da
100 1 _aGouveia, F.N.
245 1 _aResistência de Dendrocalamus asper (Schult. Schult.)Backer ex. K. Heynek tratado ao ataque de fungos apodrecedores de madeira
650 _aBAMBU
650 _aRESISTÊNCIA
650 _aPRAGA DE PLANTA
773 0 _tNativa. Pesquisas Agrárias e Ambientais (Brazil)
_xISSN 2318-7670
_g(Apr-Jun 2015), v. 3(2) p. 115-119
_wBR2020000795
856 4 0 _uhttps://periodicoscientificos.ufmt.br/ojs/index.php/nativa/article/view/2205
856 4 0 _dLink DSPACE/MAPA BR2020000795
909 _a202311
_bLúcia
_c55
_dLúcia Elande
942 _2AGRIS
_n0
_cANA
999 _c258444
_d258444